Philosophie de l'art (Record no. 165991)

MARC details
000 -LEADER
campo de control de longitud fija 00706nam a22001935i 4500
001 - NÚMERO DE CONTROL
campo de control 165991
003 - IDENTIFICADOR DE NÚMERO DE CONTROL
campo de control ES-MaACL
005 - FECHA Y HORA DE LA ÚLTIMA TRANSACCIÓN
campo de control 20251015063148.0
008 - DATOS DE LONGITUD FIJA--INFORMACIÓN GENERAL
campo de control de longitud fija 980123s1865 fr |||| | fre d
040 ## - FUENTE DE CATALOGACIÓN
Centro catalogador/agencia de origen NA
Lengua de catalogación spa
Centro/agencia transcriptor NA
100 1# - ENTRADA PRINCIPAL--NOMBRE DE PERSONA
Nombre de persona Taine, Hippolyte,
Fechas asociadas al nombre 1828-1893
9 (RLIN) 109085
245 10 - MENCIÓN DEL TÍTULO
Título Philosophie de l'art
Resto del título : leçons professées a l'école des Beaux-Arts /
Mención de responsabilidad, etc. par H. Taine.
260 ## - PUBLICACIÓN, DISTRIBUCIÓN, ETC.
Lugar de publicación, distribución, etc. Paris [etc.] :
Nombre del editor, distribuidor, etc. Germer Baillière,
Fecha de publicación, distribución, etc. 1865 (
Fabricante Imprimerie de E. Martinet)
300 ## - DESCRIPCIÓN FÍSICA
Extensión 175 p ;
Dimensiones 18 cm.
594 ## - Nota al título y mención de responsabilidad
Nota al título y mención de responsabilidad Tit. en antep.: "Nature et production de l´oeuvre d´art"
650 #4 - PUNTO DE ACCESO ADICIONAL DE MATERIA--TÉRMINO DE MATERIA
Término de materia o nombre geográfico como elemento de entrada Arte-
Subdivisión general Filosofía.
9 (RLIN) 10099
852 ## - LOCALIZACIÓN
Ubicación ES-MaACL
Número de control de estantería F-12244
Nota libre -- Enc. pasta española
Holdings
Estatus retirado Estado de pérdida Estado de daño No para préstamo Colección Biblioteca de origen Biblioteca actual Ubicación en estantería Fecha de adquisición Fuente de adquisición Total de préstamos Signatura topográfica completa Código de barras Visto por última vez Precio de reemplazo Tipo de ítem Koha
        Libros del s. XIX Biblioteca del Ateneo de Madrid Biblioteca del Ateneo de Madrid Sala Pecera Planta 2 17/01/2008     F-12244 1174080 23/02/2023 23/02/2023 Libro impreso antiguo